Budak lelaki menjadi merak

Bibliographic Details
Main Author: ONG, Johnny
Format: Book
Published: Petaling Jaya : Tioman Books , 1994
Series:Cerita-cerita peribadi mulia
Subjects:

MARC

LEADER 00000cam a2200000 7i4500
001 0000001848
002 000002009
005 20000330.0
020 |a 9839073672 
090 0 0 |a JF   |b ONG 
100 1 |a ONG, Johnny 
245 1 0 |a Budak lelaki menjadi merak   |c Johnny Ong dan Sulaiman Zakaria 
260 |a Petaling Jaya :   |b Tioman Books ,   |c 1994 
300 |a 24p. ;   |c 21cm. 
490 0 |a Cerita-cerita peribadi mulia 
650 0 0 |a Children's stories 
999 |a 035146   |b BUKU   |c JUNIOR FICTION   |e PERPUSTAKAAN KOMUNITI PETALING JAYA